000 00615nam a2200217 a 4500
005 20240228063855.0
008 060731s2002 es r 000 0 spa d
020 _a8420464783
035 _aUPN01000145755
049 _aI
050 4 _aPZ76.3
_bD3.2 2002
100 1 _aDahl, Roald,
_d1916-1990
_930693
245 1 0 _aAgu trot /
_cRoald Dahl ; il. Quentin Blake.
250 _a13a ed.
260 _aMadrid :
_bAlfaguara,
_c2002.
300 _a64 p. :
_bil.
440 0 _aPróxima parada
650 4 _aTORTUGAS -
_vLITERATURA INFANTIL
_98591
650 4 _aLibros y lectura para niños
_92290
905 _aInfantil
999 _c117901
_d117901